00636nam a2200217Ia 4500003000400000005001700004008004100021020001900062040000700081041000800088082001500096100002500111245003400136260002000170300000900190650003000199700002700229942001300256999001900269952013000288OSt20251212124752.0250729s2005 xx 000 0 und d a978-8188836055 cAL aeng a930.7 MATT aMathur Pawan9227024 aTeaching of political science aNew Delhic2005 a282p aPolitical Science9227025 aRao Digumurthi9227026 2ddccBED c237504d237504 00104070aALbALd2025-07-29eSita Book Houseg495.00l0o930.7 MATTpBED02823r2025-07-29 16:55:47v495.00w2025-07-29yBK